[Event "Ekaterinburg"]
[Site "Ekaterinburg"]
[Date "2010.07.18"]
[Round "4"]
[White "Orekhov, Evgeny"]
[Black "Fer, Vadim"]
[Result "1-0"]
[WhiteElo "2428"]
[BlackElo "2155"]
[PlyCount "41"]
[EventDate "2010.07.15"]
[EventType "tourn"]
[EventRounds "11"]
[EventCountry "RUS"]
[EventCategory "1"]
[SourceTitle "EXT 2011"]
[Source "ChessBase"]
[SourceDate "2010.11.26"]
[SourceVersion "1"]
[SourceVersionDate "2010.11.26"]
[SourceQuality "1"]

1. e4 e6 2. d4 d5 3. Nc3 Nf6 4. e5 Nfd7 5. f4 c5 6. Nf3 Nc6 7. Be3 cxd4 8. Nxd4 a6 9. Qd2 Qc7 10. 0-0-0 Be7 11. h4 Nb6 12. h5 h6 13. Rh3 Bd7 14. Rg3 Bf8 15. Nb3 0-0-0 16. Qf2 Nc4 17. Bxc4 dxc4 18. Bb6 Qb8 19. Nd2 Re8 20. Nxc4 Be7 21. Ne4 1-0

[Event "Ekaterinburg"]
[Site "Ekaterinburg"]
[Date "2010.07.16"]
[Round "2"]
[White "Orekhov, Evgeny"]
[Black "Kozlov, Oleg"]
[Result "1/2-1/2"]
[WhiteElo "2428"]
[BlackElo "2306"]
[PlyCount "29"]
[EventDate "2010.07.15"]
[EventType "tourn"]
[EventRounds "11"]
[EventCountry "RUS"]
[EventCategory "1"]
[SourceTitle "EXT 2011"]
[Source "ChessBase"]
[SourceDate "2010.11.26"]
[SourceVersion "1"]
[SourceVersionDate "2010.11.26"]
[SourceQuality "1"]

1. Nf3 Nf6 2. d4 d5 3. c4 e6 4. Bf4 Bd6 5. Bxd6 Qxd6 6. Nc3 0-0 7. e3 b6 8. Bd3 dxc4 9. Bxc4 c5 10. 0-0 Ba6 11. Bxa6 Nxa6 12. Qa4 cxd4 13. Nb5 Nc5 14. Qa3 Qd7 15. Nbxd4 1/2-1/2

[Event "Nizhnij Tagil Stone Flower-A"]
[Site "Nizhnij Tagil"]
[Date "2009.12.14"]
[Round "11"]
[White "Orekhov, Evgeny"]
[Black "Matveev, Vladimir1111"]
[Result "1/2-1/2"]
[WhiteElo "2469"]
[BlackElo "2267"]
[PlyCount "29"]
[EventDate "2009.12.07"]
[EventType "tourn"]
[EventRounds "12"]
[EventCountry "RUS"]
[SourceTitle "EXT 2022"]
[Source "ChessBase"]
[SourceDate "2021.10.06"]
[SourceVersion "1"]
[SourceVersionDate "2021.10.06"]
[SourceQuality "1"]

1. e4 d6 2. d4 Nf6 3. Nd2 g6 4. Ngf3 Bg7 5. c3 0-0 6. Be2 Nc6 7. 0-0 e5 8. dxe5 Nxe5 9. Nxe5 dxe5 10. Qc2 Qe7 11. a4 Rd8 12. a5 Bd7 13. Re1 Bh6 14. Nf3 Bxc1 15. Raxc1 1/2-1/2

[Event "Nizhnij Tagil Stone Flower-A"]
[Site "Nizhnij Tagil"]
[Date "2009.12.10"]
[Round "6"]
[White "Kornev, Alexander"]
[Black "Orekhov, Evgeny"]
[Result "1-0"]
[WhiteElo "2291"]
[BlackElo "2469"]
[PlyCount "41"]
[EventDate "2009.12.07"]
[EventType "tourn"]
[EventRounds "12"]
[EventCountry "RUS"]
[SourceTitle "EXT 2022"]
[Source "ChessBase"]
[SourceDate "2021.10.06"]
[SourceVersion "1"]
[SourceVersionDate "2021.10.06"]
[SourceQuality "1"]

1. e4 c5 2. Nf3 e6 3. d4 cxd4 4. Nxd4 Nf6 5. Bd3 Nc6 6. Nxc6 bxc6 7. 0-0 e5 8. Nd2 Be7 9. Qe2 d6 10. Nc4 Qc7 11. Bd2 Be6 12. f3 Nd7 13. c3 0-0 14. Rfe1 f6 15. Ne3 Rfd8 16. Bc4 Bxc4 17. Qxc4+ Kh8 18. Nd5 Qb7 19. Nxe7 Nb6 20. Qf7 Rd7 21. Bh6 1-0

[Event "Nizhnij Tagil Stone Flower-A"]
[Site "Nizhnij Tagil"]
[Date "2009.12.09"]
[Round "4"]
[White "Matveev, Vladimir1111"]
[Black "Orekhov, Evgeny"]
[Result "1/2-1/2"]
[WhiteElo "2267"]
[BlackElo "2469"]
[PlyCount "39"]
[EventDate "2009.12.07"]
[EventType "tourn"]
[EventRounds "12"]
[EventCountry "RUS"]
[SourceTitle "EXT 2022"]
[Source "ChessBase"]
[SourceDate "2021.10.06"]
[SourceVersion "1"]
[SourceVersionDate "2021.10.06"]
[SourceQuality "1"]

1. d4 Nf6 2. c4 e6 3. Nf3 d5 4. Nc3 c5 5. e3 Nc6 6. a3 Ne4 7. Bd3 Nxc3 8. bxc3 Be7 9. 0-0 0-0 10. Bb2 Na5 11. cxd5 exd5 12. Ne5 c4 13. Bc2 Nc6 14. Nxc6 bxc6 15. e4 Be6 16. Bc1 dxe4 17. Bxe4 Bd5 18. Bxd5 Qxd5 19. Bf4 Bf6 20. Qa4 1/2-1/2

[Event "Ekaterinburg 06"]
[Site "Ekaterinburg"]
[Date "2009.06.??"]
[Round "1"]
[White "Samartsev, Alexander"]
[Black "Orekhov, Evgeny"]
[Result "1/2-1/2"]
[WhiteElo "2307"]
[BlackElo "2467"]
[PlyCount "25"]
[EventDate "2009.06.06"]
[EventType "tourn"]
[EventRounds "11"]
[EventCountry "RUS"]
[EventCategory "1"]
[SourceTitle "EXT 2022"]
[Source "ChessBase"]
[SourceDate "2021.10.06"]
[SourceVersion "1"]
[SourceVersionDate "2021.10.06"]
[SourceQuality "1"]

1. e4 e5 2. Nf3 Nc6 3. Bc4 Nf6 4. Nc3 Bc5 5. 0-0 0-0 6. d3 h6 7. a3 d6 8. b4 Bb6 9. h3 Be6 10. Bxe6 fxe6 11. Be3 d5 12. Bxb6 axb6 13. Qe2 1/2-1/2

[Event "Ekaterinburg"]
[Site "Ekaterinburg"]
[Date "2007.10.12"]
[Round "9"]
[White "Prahov, G."]
[Black "Orekhov, Evgeny"]
[Result "0-1"]
[WhiteElo "2243"]
[BlackElo "2457"]
[PlyCount "92"]
[EventDate "2007.10.04"]
[EventType "tourn"]
[EventRounds "11"]
[EventCountry "RUS"]
[EventCategory "1"]
[SourceTitle "EXT 2009"]
[Source "ChessBase"]
[SourceDate "2008.11.26"]
[SourceVersion "1"]
[SourceVersionDate "2008.11.26"]
[SourceQuality "1"]

1. c4 c5 2. Nc3 Nc6 3. g3 g6 4. Bg2 Bg7 5. Nf3 e5 6. d3 Nge7 7. 0-0 0-0 8. a3 a6 9. Rb1 Rb8 10. b4 cxb4 11. axb4 b5 12. cxb5 axb5 13. Bd2 d5 14. e3 d4 15. exd4 exd4 16. Ne4 Nd5 17. h3 Bf5 18. Qc2 Rc8 19. Nc5 Qd6 20. Rfd1 Ncxb4 21. Bxb4 Nxb4 22. Rxb4 Rxc5 23. Qb2 Rb8 24. Nh4 Bd7 25. Nf3 Rbc8 26. Nd2 Rc2 27. Qb1 Bf8 28. Rb2 Rxb2 29. Qxb2 Qb6 30. Ne4 b4 31. Rb1 Be7 32. Kh2 Be6 33. Bf3 f5 34. Nd2 Rc3 35. Be2 Kf7 36. Nc4 Bxc4 37. dxc4 d3 38. Bd1 Rc2 39. Bxc2 Qxf2+ 40. Kh1 dxc2 41. Rc1 Qf3+ 42. Kh2 Qe2+ 43. Kh1 Qd1+ 44. Kg2 b3 45. c5 Qd5+ 46. Kh2 Bxc5 0-1

[Event "Ekaterinburg"]
[Site "Ekaterinburg"]
[Date "2007.10.09"]
[Round "6"]
[White "Orekhov, Evgeny"]
[Black "Kharous, Ernest"]
[Result "1/2-1/2"]
[WhiteElo "2457"]
[BlackElo "2371"]
[PlyCount "39"]
[EventDate "2007.10.04"]
[EventType "tourn"]
[EventRounds "11"]
[EventCountry "RUS"]
[EventCategory "1"]
[SourceTitle "EXT 2009"]
[Source "ChessBase"]
[SourceDate "2008.11.26"]
[SourceVersion "1"]
[SourceVersionDate "2008.11.26"]
[SourceQuality "1"]

1. Nf3 d5 2. g3 c6 3. Bg2 Nf6 4. 0-0 Bg4 5. d3 Nbd7 6. Nbd2 e6 7. h3 Bh5 8. Qe1 Bc5 9. e4 0-0 10. e5 Ne8 11. d4 Be7 12. Nb3 Bg6 13. Qe2 Nc7 14. Bf4 h6 15. c3 a5 16. a4 Na6 17. Nbd2 c5 18. Rfc1 cxd4 19. cxd4 Nb4 20. Ne1 1/2-1/2

[Event "Ekaterinburg"]
[Site "Ekaterinburg"]
[Date "2007.10.05"]
[Round "2"]
[White "Kozlov, Oleg"]
[Black "Orekhov, Evgeny"]
[Result "0-1"]
[WhiteElo "2152"]
[BlackElo "2457"]
[PlyCount "58"]
[EventDate "2007.10.04"]
[EventType "tourn"]
[EventRounds "11"]
[EventCountry "RUS"]
[EventCategory "1"]
[SourceTitle "EXT 2009"]
[Source "ChessBase"]
[SourceDate "2008.11.26"]
[SourceVersion "1"]
[SourceVersionDate "2008.11.26"]
[SourceQuality "1"]

1. c4 Nf6 2. Nc3 e5 3. g3 Bb4 4. Qb3 Nc6 5. Bg2 Nd4 6. Qd1 0-0 7. e3 Bxc3 8. bxc3 Ne6 9. Ba3 d6 10. d4 c5 11. Ne2 exd4 12. exd4 Qa5 13. Bb2 cxd4 14. Nxd4 Nxd4 15. Qxd4 Re8+ 16. Kf1 Be6 17. h3 Rac8 18. Kg1 Rxc4 19. Qd3 Rec8 20. Kh2 Bd5 21. Rhd1 Bxg2 22. Kxg2 Ne4 23. Qe2 Nxc3 24. Bxc3 Rxc3 25. Rxd6 Rc2 26. Qf3 Qc5 27. Rd7 Rxf2+ 28. Qxf2 Qc6+ 29. Kh2 Qxd7 0-1

[Event "Ekaterinburg"]
[Site "Ekaterinburg"]
[Date "2007.10.04"]
[Round "1"]
[White "Orekhov, Evgeny"]
[Black "Fer, Vadim"]
[Result "1/2-1/2"]
[WhiteElo "2457"]
[BlackElo "2199"]
[PlyCount "26"]
[EventDate "2007.10.04"]
[EventType "tourn"]
[EventRounds "11"]
[EventCountry "RUS"]
[EventCategory "1"]
[SourceTitle "EXT 2009"]
[Source "ChessBase"]
[SourceDate "2008.11.26"]
[SourceVersion "1"]
[SourceVersionDate "2008.11.26"]
[SourceQuality "1"]

1. d4 d5 2. c4 e6 3. Nf3 Nf6 4. Nc3 c6 5. cxd5 exd5 6. Bg5 Bf5 7. e3 Nbd7 8. Bd3 Bxd3 9. Qxd3 Be7 10. 0-0 0-0 11. Rab1 a5 12. a3 Ne4 13. Bxe7 Qxe7 1/2-1/2

[Event "Ekaterinburg 07"]
[Site "Ekaterinburg"]
[Date "2007.07.21"]
[Round "3"]
[White "Orekhov, Evgeny"]
[Black "Kozlov, Oleg"]
[Result "1-0"]
[WhiteElo "2454"]
[BlackElo "2157"]
[PlyCount "83"]
[EventDate "2007.07.20"]
[EventType "tourn"]
[EventRounds "11"]
[EventCountry "RUS"]
[EventCategory "1"]
[SourceTitle "EXT 2022"]
[Source "ChessBase"]
[SourceDate "2021.10.06"]
[SourceVersion "1"]
[SourceVersionDate "2021.10.06"]
[SourceQuality "1"]

1. e4 c5 2. Nf3 e6 3. d4 cxd4 4. Nxd4 Nc6 5. Nc3 Nf6 6. Nxc6 bxc6 7. e5 Nd5 8. Ne4 f5 9. exf6 Nxf6 10. Nd6+ Bxd6 11. Qxd6 Qe7 12. Qxe7+ Kxe7 13. b3 d6 14. Ba3 e5 15. g3 Bf5 16. Bg2 Rac8 17. 0-0-0 Rhd8 18. Rhe1 c5 19. f4 e4 20. c4 Kf7 21. Bb2 Rc7 22. Bxf6 Kxf6 23. Bxe4 Bxe4 24. Rxe4 Re7 25. Rde1 Rxe4 26. Rxe4 Rd7 27. Kd2 Kf5 28. Ke3 Kg4 29. Kf2 Kf5 30. Kf3 h5 31. h3 g6 32. g4+ hxg4+ 33. hxg4+ Kf6 34. Re2 Kf7 35. g5 a5 36. Kg4 a4 37. f5 axb3 38. axb3 Rb7 39. fxg6+ Kg7 40. Re3 Rb8 41. Rd3 Rd8 42. Kf5 1-0

[Event "Ekaterinburg 07"]
[Site "Ekaterinburg"]
[Date "2007.07.21"]
[Round "2"]
[White "Prahov, G."]
[Black "Orekhov, Evgeny"]
[Result "0-1"]
[WhiteElo "2273"]
[BlackElo "2454"]
[PlyCount "58"]
[EventDate "2007.07.20"]
[EventType "tourn"]
[EventRounds "11"]
[EventCountry "RUS"]
[EventCategory "1"]
[SourceTitle "EXT 2022"]
[Source "ChessBase"]
[SourceDate "2021.10.06"]
[SourceVersion "1"]
[SourceVersionDate "2021.10.06"]
[SourceQuality "1"]

1. c4 Nf6 2. g3 c6 3. Bg2 d5 4. Nf3 Nbd7 5. 0-0 dxc4 6. Na3 Nb6 7. Qc2 Be6 8. Ng5 Qd7 9. b3 cxb3 10. axb3 g6 11. Bb2 Bg7 12. Nc4 0-0 13. e4 Bxc4 14. bxc4 Qg4 15. Nh3 Qe2 16. c5 Qc4 17. Qxc4 Nxc4 18. Bc3 Rfd8 19. Rfd1 Nd7 20. Bxg7 Kxg7 21. d4 b6 22. Rac1 Na5 23. cxb6 axb6 24. e5 Rac8 25. Nf4 e6 26. Nd3 Nb3 27. Rxc6 Nxd4 28. Rxc8 Rxc8 29. Nf4 Nxe5 0-1

[Event "Alapaevsk Neiva"]
[Site "Alapaevsk"]
[Date "2007.05.27"]
[Round "1"]
[White "Orekhov, Evgeny"]
[Black "Romanenko, Vladimir"]
[Result "1/2-1/2"]
[WhiteElo "2450"]
[BlackElo "2347"]
[PlyCount "43"]
[EventDate "2007.05.27"]
[EventType "tourn"]
[EventRounds "13"]
[EventCountry "RUS"]
[EventCategory "1"]
[SourceTitle "EXT 2008"]
[Source "ChessBase"]
[SourceDate "2007.11.25"]
[SourceVersion "1"]
[SourceVersionDate "2007.11.25"]
[SourceQuality "1"]

1. e4 e6 2. d4 d5 3. Nd2 Nf6 4. e5 Nfd7 5. f4 c5 6. c3 Nc6 7. Ndf3 Be7 8. Bd3 0-0 9. Ne2 f6 10. 0-0 f5 11. Kh1 g6 12. Rg1 h5 13. h3 c4 14. Bc2 Kf7 15. a4 Rh8 16. Nh2 Na5 17. g4 hxg4 18. hxg4 Nf8 19. Ng3 Bh4 20. Be3 Bd7 21. Qf3 Bxg3 22. Rxg3 1/2-1/2

[Event "Alapaevsk Neiva"]
[Site "Alapaevsk"]
[Date "2007.05.27"]
[Round "11"]
[White "Pakhomov, Alexey"]
[Black "Orekhov, Evgeny"]
[Result "1/2-1/2"]
[WhiteElo "2449"]
[BlackElo "2450"]
[PlyCount "53"]
[EventDate "2007.05.27"]
[EventType "tourn"]
[EventRounds "13"]
[EventCountry "RUS"]
[EventCategory "1"]
[SourceTitle "EXT 2008"]
[Source "ChessBase"]
[SourceDate "2007.11.25"]
[SourceVersion "1"]
[SourceVersionDate "2007.11.25"]
[SourceQuality "1"]

1. e4 e6 2. Nf3 d5 3. Nc3 Nf6 4. e5 Nfd7 5. d4 c5 6. dxc5 Nc6 7. Bf4 Bxc5 8. Bd3 f6 9. exf6 Nxf6 10. 0-0 0-0 11. Ne5 Bd7 12. Nxc6 Bxc6 13. Qe2 Ne4 14. Bg3 Nxg3 15. Qxe6+ Kh8 16. hxg3 Qb6 17. Qh3 h6 18. Nd1 Rae8 19. Qg4 Rf6 20. a4 a5 21. b3 Bd4 22. Rc1 Qc5 23. c3 Be5 24. Ne3 Bxc3 25. Nf5 Rg8 26. Ne7 Re8 27. Nf5 1/2-1/2